Statistics for Assassin's Creed Gaming Franchise

Click here to take the quiz!

General Stats

  • This quiz has been taken 289 times
  • The average score is 11 of 12

Answer Stats

HintGame% Correct
Desmond Miles is trained to become a modern-day Assassin through the resurrected memories of ancestor Ezio Auditore da Firenze, who uncovers a massive Templar conspiracy in Renaissance Italy leading to the new Pope.Assassin's Creed II
98%
A man enters a machine called the Animus that lets him relive the memories of his ancestor, a 12th century assassin named Altair.Assassin's Creed
97%
You play as sailor, privateer and assassin Edward Kenway exploring on and around the islands in the Caribbean Sea during the early 17th century.Assassin's Creed IV: Black Flag
97%
The American Colonies, 1775. It's a time of civil unrest and political upheaval in the Americas. As a Native American fights to protect his land and his people, he will ignite the flames of a young nation's revolution.Assassin's Creed III
96%
A prequel to the Assassin's Creed Franchise set in Egypt from 48 BC where Bayek, a Medjay, begins the foundation of the Assassin's Brotherhood.Assassin's Creed: Origins
94%
England in the age of the Vikings is a fractured nation of petty lords and warring kingdoms. Beneath the chaos lies a rich and untamed land waiting for a new conqueror. Will it be you?Assassin's Creed Valhalla
94%
Desmond Miles continues to travel the memories of Ezio Auditore, bringing him to turn-of-the-century Rome with Ezio rebuilding the assassin order to bring down the tyrannical Borgia rule.Assassin's Creed: Brotherhood
92%
Set in 431 BC during the Pelopenesian War, play as either a male or female mercenary as you embark on your own epic adventure to become a legendary Spartan hero in a world where every choice matters.Assassin's Creed: Odyssey
91%
Paris, 1789. You play as Arno Victor-Dorian, an assassin during the French Revolution. As the nation tears itself apart, Arno will expose the true powers behind the Revolution.Assassin's Creed: Unity
91%
Ezio travels to Constantinople, at the peak of the Ottoman Empire to discover the truth behind his Ancestor, Altair, which will help him retrieve a powerful weapon hidden within Masyaf, the ancient assassins' fortress.Assassin's Creed: Revelations
88%
Set during the industrial revolution, play as twin assassins Jacob and Evie Frye who fight those who gain from the less privileged.Assassin's Creed: Syndicate
87%
Tragedy and failure force Shay Cormac to question his own Creed. The Assassin turns Templar and embarks on a quest of vengeance and personal revelation, during the Seven Years' War.Assassin's Creed: Rogue
82%

Score Distribution

Percentile by Number Answered

Percent of People with Each Score

Your Score History

You have not taken this quiz